| 000 | 00699cab a2200217 4500 | ||
|---|---|---|---|
| 001 | WB3015-23 | ||
| 008 | 090401t1994 xxu||||| |||| 00| 0 eng d | ||
| 035 | _a(Sirsi) u30296 | ||
| 041 | _aeng | ||
| 245 | _aBeach owner settles sewage claim | ||
| 260 | _c1994 | ||
| 350 | _a0 | ||
| 490 |
_aTimes _v16 April 1994, 6(1) |
||
| 520 | _aA businessman has won a battle to save his West Country beach from pollution with an out of court settlement that could trigger a string of similar claims against water companies. | ||
| 650 | _aOUT OF COURT SETTLEMENT | ||
| 650 | _aSEWAGE | ||
| 650 | _aWATER COMPANIES | ||
| 690 | _aENVIRONMENTAL AND LAND CONSULTANCY | ||
| 942 | _n0 | ||
| 948 | _c04/03/1997 | ||
| 999 |
_c20411 _d20411 |
||